000 00742 a2200205 4500
005 20080825141330.0
008 080825t xxu||||| |||| 00| 0 eng d
010 _aENG-87131
020 _c300.00
035 _aEN--70664
037 _bDBAD / PUB
082 _a954.020072
100 _aJaved Ali Khan
245 _aEarly Urdu historiography
260 _aPatna
_bKhuda Bakhsh Oriental Public Library
_c2005
300 _ax, 592 p.
_c21 cm ( Hb.)
500 _aIncludes bibliographical references
942 _adpl
_cEN
_k954.020072 / JAV
_2ddc
_h954.020072
_mJAV
999 _c6075
_d6075